Statistics for States That Google Search "JetPunk" The Most

Click here to take the quiz!

General Stats

  • This quiz has been taken 27 times
    (6 since last reset)
  • The average score is 8 of 10

Answer Stats

RankState% Correct
4New Jersey
100%
6Iowa
83%
3Massachusetts
83%
2Nebraska
83%
1Rhode Island
83%
5Connecticut
67%
8Maryland
67%
9Missouri
67%
7New Hampshire
67%
10Wisconsin
67%

Score Distribution

Percentile by Number Answered

Percent of People with Each Score

Your Score History

You have not taken this quiz since the last reset